Southville International School and Colleges
Your cart is empty.
  • Cart
  • Lists
    Public lists Eva Luna New books Lux_list list_1
    Your lists Log in to create your own lists
  • Log in to your account
  • Your cookies
  • Search history
Southville International School and Colleges
  • Advanced search
  • Recent comments
  • Most popular
  • Libraries

Log in to your account

Log in with GOOGLE


If you do not have an external account, but do have a local account, you can still log in:

  1. Home
  2. MARC view: Billy Bathgate :
Normal view MARC view ISBD view

Billy Bathgate : (Record no. 288584)

[ view plain ]
MARC details
000 -LEADER
fixed length control field 00636cam a22002178a 4500
003 - CONTROL NUMBER IDENTIFIER
control field OCoLC
005 - DATE AND TIME OF LATEST TRANSACTION
control field 20150903084505.0
008 - FIXED-LENGTH DATA ELEMENTS--GENERAL INFORMATION
fixed length control field 980403r1998 nyu 000 1 eng
010 ## - LIBRARY OF CONGRESS CONTROL NUMBER
LC control number 98019318
020 ## - INTERNATIONAL STANDARD BOOK NUMBER
International Standard Book Number 0452280028
040 ## - CATALOGING SOURCE
Original cataloging agency DLC
Transcribing agency DLC
Modifying agency OCL
-- GGN
043 ## - GEOGRAPHIC AREA CODE
Geographic area code n-us-ny
050 00 - LIBRARY OF CONGRESS CALL NUMBER
Classification number PS 3554.O3
Item number .D637 1989
100 1# - MAIN ENTRY--PERSONAL NAME
Personal name Doctorow, E. L.,
Dates associated with a name 1931-
245 10 - TITLE STATEMENT
Title Billy Bathgate :
Remainder of title a novel /
Statement of responsibility, etc E.L. Doctorow.
260 ## - PUBLICATION, DISTRIBUTION, ETC. (IMPRINT)
Place of publication, distribution, etc New York :
Name of publisher, distributor, etc Plume,
Date of publication, distribution, etc 1989.
300 ## - PHYSICAL DESCRIPTION
Extent 484 pages ;
Dimensions 21 cm.
600 10 - SUBJECT ADDED ENTRY--PERSONAL NAME
Personal name Schultz, Dutch,
Dates associated with a name 1900 or 1-1935
Form subdivision Fiction.
650 #0 - SUBJECT ADDED ENTRY--TOPICAL TERM
Topical term or geographic name as entry element Criminals
Geographic subdivision New York (State)
-- New York
Form subdivision Fiction.
942 ## - ADDED ENTRY ELEMENTS (KOHA)
Source of classification or shelving scheme Library of Congress Classification
Koha item type Books
Call number prefix Foreign
Holdings
Withdrawn status Lost status Source of classification or shelving scheme Damaged status Home library Current library Shelving location Date acquired Source of acquisition Sub Shelving location Total Checkouts Full call number Barcode Date last seen Price effective from Koha item type
    Library of Congress Classification   College Library College Library Fiction Section 09/03/2015 Donation     PS 3554.O3 .D637 1989 C19891 05/08/2018 09/03/2015 Books

Billy Bathgate :

APA

Doctorow E. L., . (1989). Billy Bathgate. New York: Plume.

Chicago

Doctorow E L, . 1989. Billy Bathgate. New York: Plume.

Harvard

Doctorow E. L., . (1989). Billy Bathgate. New York: Plume.

MLA

Doctorow E L, . Billy Bathgate. New York: Plume. 1989.

  • Place hold
  • Print
  • Cite
  • Add to your cart (remove)
  • Save record
    BIBTEX Dublin Core MARCXML MARC (non-Unicode/MARC-8) MARC (Unicode/UTF-8) MARC (Unicode/UTF-8, Standard) MODS (XML) RIS
  • More searches
    Search for this title in:
    Other Libraries (WorldCat) Other Databases (Google Scholar) Online Stores (Bookfinder.com) Open Library (openlibrary.org)

Exporting to Dublin Core...

SOUTHVILLE LIBRARY

Southville International School and Colleges Library

1281 Tropical Ave. Cor. Luxembourg St., BF Homes International, Las Pinas City

Tel. No. 8256374 / 252358 Loc. 117/146

Powered by Koha